000
00340nam a22001457a 4500
008
221102b ||||| |||| 00| 0 eng d
020
_a
2900312601408
041
_a
eng
080
_2
second edition
_a
004
082
_2
004
100
_a
19.2
101
_a
shk
245
_a
MODERATE AND SEVERE DISABILITIES
_c
COLLINS B
942
_2
udc
_c
BK
999
_c
58713
_d
58713